Instagram as an Influencer Marketing Tool in the Czech Republic
Cieľom tejto práce je zistiť, ako influenceri na Instagrame oslovujú svoje publikum a identifikovať, ktorý z komunikačných kanálov dostupných na Instagrame je najefektívnejší. Geografická oblasť tejto štúdie je zúžená na trh Českej republiky.
Salvato in:
| Autore principale: | |
|---|---|
| Altri autori: | , |
| Natura: | Capitolo di libro |
| Lingua: | inglese |
| Soggetti: | |
| Tags: |
Nessun Tag, puoi essere il primo ad aggiungerne!!
|
MARC
| LEADER | 00000naa a2200000 4500 | ||
|---|---|---|---|
| 001 | 0311348 | ||
| 005 | 20250701122710.8 | ||
| 041 | 0 | |a eng | |
| 044 | |a SK | ||
| 245 | 1 | 0 | |a Instagram as an Influencer Marketing Tool in the Czech Republic |c Denisa Dolénková, Zuzana Dzilská, František Pollák |
| 520 | |a Cieľom tejto práce je zistiť, ako influenceri na Instagrame oslovujú svoje publikum a identifikovať, ktorý z komunikačných kanálov dostupných na Instagrame je najefektívnejší. Geografická oblasť tejto štúdie je zúžená na trh Českej republiky. | ||
| 610 | 2 | 0 | |a influencer marketing |
| 610 | 2 | 0 | |a siete sociálne |
| 610 | 2 | 0 | |a komunikácia marketingová |
| 610 | 2 | 0 | |a sociológia |
| 100 | 1 | |a Dolénková, Denisa | |
| 700 | 1 | |a Dzilská, Zuzana, 1994- | |
| 700 | 1 | |a Pollák, František, 1985- | |